| 000 | 00000nam##2200000za#4500 |
| 001 | 9.639372 |
| 003 | CaOODSP |
| 005 | 20240209132625 |
| 007 | cr ||||||||||| |
| 008 | 150407|1999||||xxc|||||o f|0| 0 fre|d |
| 040 | |aCaOODSP|bfre |
| 043 | |an-cn--- |
| 086 | 1 |aC89-4/73-1999F-PDF |
| 110 | 2 |aAgence de promotion économique du Canada atlantique. |
| 245 | 10|aBesoins en compétences dans le secteur primaire de la région de l'Atlantique : |h[ressource électronique]|brapport final / |cpar Charles Davis et Les Hulett. |
| 260 | |aMoncton - Nouveau-Brunswick : |bAgence de promotion économique du Canada atlantique |cJuin 1999. |
| 300 | |a38p.|btableaux |
| 504 | |aBibliographie. |
| 590 | |a11-29-Supp|b2011-11-25 |
| 691 | 07|aÉconomie du savoir|2gcpds |
| 691 | 07|aRessources renouvelables|2gcpds |
| 691 | 07|aRessources non renouvelables|2gcpds |
| 720 | 1 |aDavis, Charles |
| 720 | 1 |aHulett, Les |
| 775 | 08|tSkills needs in the resource-based sectors in Atlantic Canada : |w(CaOODSP)9.695226 |
| 776 | 0#|tBesoins en compétences dans le secteur primaire de la région de l'Atlantique / |w(CaOODSP)9.681233 |
| 856 | 40|ahttp://publications.gc.ca|qPDF|s375 Ko|uhttps://publications.gc.ca/collections/Collection/C89-4-73-1999F.pdf |